00499nam a2200193 a 4500001001300000003000900013005001700022008004100039020001200080082001700092100002700109245003400136260003300170300000900203500003500212505001000247650002100257700002700278nice12345678IN_TiNIC20260116015258.0050524s1945 newa grp 000 0 eng  ac85.7500a294.592bISH aIsherwood, Christopher aVedanta for the Western World aNew YorkbViking Pressc1945 a453p aincludes index and biblioraphy2 aIndex aVedic Literature1 aIsherwood, Christopher